000 00502nam a2200193Ia 4500
005 20250508151050.0
008 008 250505s9999 xx 000 0 eng d
037 _aTextual
040 _aFEDL
_beng
_cFEDL
041 _aeng
_2eng
084 _a372.3, BLO
_qFEDL
100 _aBlough Glenn O
_9140269
245 0 _aUseful plants and animals
260 _c1951
300 _a35p.
546 _aThe basic science education
942 _cTEXL
_h372.3, BLO
999 _c1327364
_d1327364